| 000 | 00422cam a2200169ua 4500 | ||
|---|---|---|---|
| 020 | _c70.00 | ||
| 041 |
_aeng _h |
||
| 082 |
_a335 _bCOL/SE |
||
| 100 | _aCole, G.D.H . | ||
| 245 |
_aSecond international 1889-1914 / _cG.D.H Cole. _hTextual Documents |
||
| 260 |
_aLondon : _bMacMillan and Company Limited , _c1963. |
||
| 300 | _a1042 ; . | ||
| 365 | _a70.00 | ||
| 504 | _a | ||
| 942 | _cBK | ||
| 999 |
_c5408 _d5408 |
||